| 000 | 00426cam a22001337a 4500 | ||
|---|---|---|---|
| 008 | 180718b1982 xxu||||| |||| 00| 0 eng d | ||
| 082 | _aAPPPA 81-82 MAH | ||
| 100 | _aMahajan, B.B. | ||
| 245 |
_aFares in state road transport undertakings: a thesis _cby B.B. Mahajan |
||
| 260 |
_aNew Delhi _bIndian Institute of Public Administration _c1982 |
||
| 300 | _a136p. | ||
| 650 | _aState road transport undertakings | ||
| 650 | _aFares | ||
| 999 |
_c501310 _d501310 |
||